| 000 | 00613nam a2200181Ia 4500 | ||
|---|---|---|---|
| 003 | IN-BaIIA | ||
| 008 | 211028s9999 xx 000 0 eng d | ||
| 020 | _a90-277-2279-X | ||
| 040 | _cIIA Library | ||
| 080 |
_a082.2:52 _bIAU-H7 |
||
| 245 | 0 |
_aHighlights of astronomy _bvol.7, as presented at the XIXth general assembly of the IAU, 1985 _cedited by J. P. Swings |
|
| 260 |
_aDordrecht _bD. Reidel Publishing _c1986 |
||
| 300 | _axv, 894p. | ||
| 650 |
_aAstronomy _980 |
||
| 650 | _aAstronomy and Astrophysics Thesaurus | ||
| 700 |
_aSwings, J. P ed. _913515 |
||
| 942 | _cBK | ||
| 999 |
_c8836 _d8836 |
||